[Event "EU-ch U14 Girls"]
[Site "Bratislava"]
[Date "2019.08.04"]
[Round "3"]
[White "Fizerova, Lucie"]
[Black "Adlen, Noya"]
[Result "1-0"]
[WhiteElo "1563"]
[BlackElo "1270"]
[PlyCount "102"]
[EventDate "2019.08.02"]
[EventType "swiss"]
[EventRounds "9"]
[EventCountry "SVK"]
[SourceTitle "EXT 2020"]
[Source "ChessBase"]
[SourceDate "2019.10.17"]
[SourceVersion "1"]
[SourceVersionDate "2019.10.17"]
[SourceQuality "1"]

1. e4 e5 2. Nf3 Nc6 3. Bb5 a6 4. Ba4 b5 5. Bb3 Bb7 6. d3 Nf6 7. c3 Bc5 8. Nbd2 Qe7 9. 0-0 0-0-0 10. a4 b4 11. Bc2 d5 12. Qe2 d4 13. cxb4 Nxb4 14. Nc4 Nxe4 15. dxe4 d3 16. Bxd3 Nxd3 17. Be3 Bxe3 18. Qxe3 f6 19. Na5 Qc5 20. Qxc5 Nxc5 21. Nxb7 Kxb7 22. Rfe1 g5 23. b4 Nd3 24. Reb1 g4 25. Nh4 Rd4 26. b5 Rxe4 27. bxa6+ Kxa6 28. Ra3 Rd8 29. Rc3 Re1+ 30. Rxe1 Nxe1 31. Rc1 Nd3 32. Rxc7 Nf4 33. f3 gxf3 34. gxf3 Rd1+ 35. Kf2 Rd2+ 36. Kg3 h5 37. Rc6+ Ka5 38. Rxf6 Kxa4 39. Rf8 Kb4 40. Rc8 Ne2+ 41. Kh3 Rd4 42. Re8 Ng1+ 43. Kg2 Rxh4 44. Kxg1 Rf4 45. Rxe5 Rxf3 46. Rxh5 Kc4 47. Kg2 Re3 48. Rh3 Rxh3 49. Kxh3 Kd3 50. Kg4 Ke4 51. Kg5 Ke5 1-0